Help! - Lyrics - Statistics

General Stats
  • This quiz has been taken 132 times
  • The average score is 178 of 268
Answer Stats
Lyrics % Correct
(Help!)
100%
help
100%
Help
100%
I
100%
(I
100%
I)
100%
need
100%
need)
100%
so
99%
You
99%
you
99%
any
97%
somebody
95%
anybody
92%
just
92%
Not
92%
not
92%
(When,
91%
When
91%
was
87%
young)
87%
me
86%
me?
86%
me!
86%
me,
86%
to
84%
the
82%
in
81%
in,
81%
then)
81%
then
81%
younger,
79%
younger
79%
than
78%
much
77%
today
77%
someone
75%
way
75%
(And
73%
and
73%
And
73%
I'm
71%
(Now
71%
now
71%
Now
71%
But
70%
(But
70%
do
70%
needed
70%
never
70%
know
69%
my
62%
(My
62%
My
62%
anybody's
61%
feel
60%
down
58%
can,
57%
if
57%
feeling
51%
are
48%
days
48%
please,
47%
gone)
45%
gone,
45%
appreciate
44%
self-assured
44%
these
44%
on
40%
feet
39%
being
38%
get
38%
ground
36%
'round
36%
back
35%
find)
34%
find
34%
Won't
34%
up
32%
changed
31%
changed)
31%
doors
30%
mind
30%
life
27%
oh,
27%
opened
26%
I've
25%
has
21%
insecure
19%
many
18%
that
17%
vanish
17%
ways
17%
before
16%
haze
14%
every
12%
independ')
12%
seems
12%
independence
10%
done
9%
like
8%
ooh
8%
No matching quizzes found
Score Distribution
Percent of People with Each Score
Percentile by Number Answered
Your Score History
You have not taken this quiz